000 00343nam a2200157Ia 4500
100 _aPatel S.B
650 _aAutomobiles
942 _cBK
654 _aNuclear physics
245 _aNuclear physics an introduction
260 _bWiley eastern
_aNew Delhi
_c1992
082 _a539
_bPAT
300 _a346
546 _aENGLISH
999 _c35730
_d35730